| 000 | 01433nam0a2200313 4500 | ||
|---|---|---|---|
| 001 | RU\NLR\b_ik\174380 | ||
| 005 | 20250616230529.0 | ||
| 010 |
_a978-1-60585-154-9 _9300 |
||
| 035 | _a(NLR Aleph) 002247030 | ||
| 090 |
_a3636526 _c3636526 |
||
| 100 | _a20081201d2008 |||y0rusy50 ca | ||
| 101 | 0 | _aeng | |
| 102 | _aRU | ||
| 105 | _ay ||||||||| | ||
| 200 | 1 |
_aItaly - Russia: the XVIII - XXI centuries _eInternational scientific conference (April 11 - 19, 2008, Krasnodar - Rome) _f[ed. board: Prof. Boris Borisov et al.] |
|
| 210 |
_aKrasnodar [etc. _cs.n.] _d2008 |
||
| 215 |
_a55 c. _d21 |
||
| 300 | _aВ надзаг.: Amer. concert alliance, LLC, The South-Russ. culturological soc., The Humanities center of the Krasnodar state univ. of culture a. arts | ||
| 320 | _aБиблиогр. в конце докл. | ||
| 541 | 0 |
_aИталия - Россия: 18 - 21 вв. _zrus |
|
| 607 |
_aИталия _jСборники _xВзаимоотношения _yРоссия _z18 - 21 вв. _92544882 _3RU\NLR\AUTH\661506321 |
||
| 607 |
_aРоссия _jСборники _xВзаимоотношения _yИталия _z18 - 21 вв. _92544884 _3RU\NLR\AUTH\661506322 |
||
| 686 | 1 | _aТ3(4Ит)5/6-64(2)я43 | |
| 686 | 1 | _aТ3(2)0-64(4Ит)я43 | |
| 702 | 1 |
_aBorisov _bB. P. _gBoris P _4340 |
|
| 801 | 0 |
_aRU _bNLR _c20081201 _gRCR |
|
| 942 | _cBOOK | ||
| 980 | _aNB | ||